[Event "Junior Online 4NCL Division 3"]
[Site "online"]
[Date "2020.04.30"]
[Round "3.65"]
[White "Ghosh, Kabir A"]
[Black "Shaporenkov, Robert"]
[Result "1-0"]
[WhiteElo "1622"]
[BlackElo "1427"]
[PlyCount "105"]
[EventDate "2020.04.30"]
[WhiteTeam "Dulwich College Junior A"]
[BlackTeam "St Albans Early Knights 2"]

1. c4 e5 2. Nc3 d6 3. Nf3 Be7 4. e3 Nf6 5. Be2 Be6 6. O-O Nc6 7. a3 d5 8. cxd5
Nxd5 9. Qc2 Qd7 10. Bb5 a6 11. Ba4 b5 12. Bb3 Na5 13. Bxd5 Bxd5 14. Nxd5 Qxd5
15. Qxc7 Bd8 16. Qxe5+ Qe6 17. Qxg7 Qf6 18. Qxf6 Bxf6 19. d4 Rg8 20. Bd2 Nc4
21. Bc3 Nd6 22. Rfe1 Ne4 23. Rac1 Kd7 24. Nd2 Nxd2 25. Bxd2 Rac8 26. Bb4 Ke6
27. Rc3 Rc4 28. Rec1 Rgc8 29. Kf1 Bh4 30. g3 Bf6 31. Ke2 h5 32. Kd3 Kd5 33. e4+
Ke6 34. e5 Rxc3+ 35. Rxc3 Rxc3+ 36. Bxc3 h4 37. exf6 Kxf6 38. gxh4 Kg6 39. f3
Kh5 40. Be1 Kg6 41. Ke4 Kf6 42. f4 Kg6 43. d5 Kf6 44. h5 b4 45. Bxb4 a5 46.
Be7+ Kg7 47. d6 f5+ 48. Kxf5 Kf7 49. d7 Kxe7 50. d8=Q+ Kf7 51. Qf6+ Kg8 52. h6
Kh7 53. Qg7# 1-0

[Event "Junior Online 4NCL Division 3"]
[Site "online"]
[Date "2020.04.30"]
[Round "3.66"]
[White "Cowan, James"]
[Black "Nguyen, Ryan"]
[Result "1/2-1/2"]
[WhiteElo "1390"]
[BlackElo "1517"]
[PlyCount "95"]
[EventDate "2020.04.30"]
[WhiteTeam "St Albans Early Knights 2"]
[BlackTeam "Dulwich College Junior A"]

1. e4 c5 2. Nf3 d6 3. d4 cxd4 4. Nxd4 Nf6 5. Nc3 g6 6. Bc4 Bg7 7. Be3 O-O 8.
O-O Nc6 9. Re1 Bd7 10. f3 Ne5 11. Bb3 Rc8 12. Ndb5 Bxb5 13. Nxb5 a6 14. Nc3 Nc4
15. Bxc4 Rxc4 16. Rb1 Qa5 17. Qd2 Rfc8 18. Kf1 Nd7 19. Rec1 Bxc3 20. bxc3 Qxc3
21. Rxb7 Qxd2 22. Bxd2 Rxc2 23. Rxc2 Rxc2 24. Be3 Nc5 25. Bxc5 dxc5 26. Rxe7
Rxa2 27. Rc7 Ra5 28. Ke2 Ra2+ 29. Ke3 Rxg2 30. Rxc5 Rxh2 31. Ra5 Rh5 32. Rxa6
Kg7 33. Kf4 Rc5 34. Ra1 Kh6 35. Rh1+ Kg7 36. Kg3 Rg5+ 37. Kf4 Rh5 38. Rxh5 gxh5
39. Kg5 f6+ 40. Kxh5 h6 41. Kg4 Kg6 42. f4 h5+ 43. Kh4 Kh6 44. e5 fxe5 45. fxe5
Kg6 46. e6 Kf6 47. e7 Kxe7 48. Kxh5 1/2-1/2

[Event "Junior Online 4NCL Division 3"]
[Site "online"]
[Date "2020.04.30"]
[Round "3.67"]
[White "Avril, Aaran"]
[Black "Jain, Ekansh Rajesh"]
[Result "0-1"]
[WhiteElo "1375"]
[BlackElo "1337"]
[PlyCount "44"]
[EventDate "2020.04.30"]
[WhiteTeam "Dulwich College Junior A"]
[BlackTeam "St Albans Early Knights 2"]

1. e4 e5 2. Nf3 Nc6 3. Bb5 Nf6 4. c3 Nxe4 5. Qe2 Nd6 6. Bxc6 bxc6 7. Qxe5+ Be7
8. d4 Nc4 9. Qe2 Rb8 10. Qxc4 O-O 11. Qd3 Qe8 12. O-O Bb7 13. Qe4 c5 14. Qg4
cxd4 15. Bh6 Bf6 16. Nxd4 Qe4 17. Qxe4 Bxe4 18. Nd2 Bd3 19. Rfe1 Rxb2 20. Be3
Re8 21. N2b3 Bc2 22. Bc1 Rxe1# 0-1

[Event "Junior Online 4NCL Division 3"]
[Site "online"]
[Date "2020.04.30"]
[Round "3.68"]
[White "Vayzert, Darya"]
[Black "He, Andy"]
[Result "0-1"]
[WhiteElo "1315"]
[BlackElo "1382"]
[PlyCount "74"]
[EventDate "2020.04.30"]
[WhiteTeam "St Albans Early Knights 2"]
[BlackTeam "Dulwich College Junior A"]

1. d4 d5 2. Nf3 Nf6 3. e3 e6 4. Bd3 Be7 5. Nbd2 O-O 6. O-O b6 7. c3 Bb7 8. Re1
Nbd7 9. e4 Rc8 10. e5 Nh5 11. Re3 c5 12. Ne1 Nf4 13. Qg4 Nxd3 14. Nxd3 c4 15.
Nf4 Bg5 16. Rg3 h6 17. h4 f5 18. Qh5 Bxf4 19. Rf3 Bxd2 20. Bxd2 Kh7 21. Rg3 Rf7
22. Qxf7 Qg8 23. Qg6+ Kh8 24. Qh5 Nf8 25. Re1 Bc6 26. Ree3 Be8 27. Qe2 Rc7 28.
Ref3 Bh5 29. Qe3 Bxf3 30. Qxf3 Kh7 31. Qe2 Qf7 32. Bf4 Ng6 33. Be3 f4 34. Rf3
h5 35. g3 Qf5 36. Bxf4 Qf7 37. Qe3 Kg8 0-1

[Event "Junior Online 4NCL Division 3"]
[Site "online"]
[Date "2020.04.30"]
[Round "3.71"]
[White "Kukreja, Karan"]
[Black "Sankar, Dheekshitha"]
[Result "1-0"]
[WhiteElo "1540"]
[BlackElo "1510"]
[PlyCount "77"]
[EventDate "2020.04.30"]
[WhiteTeam "Warwickshire Bears B"]
[BlackTeam "Harrow Juniors B"]

1. d4 d5 2. Bf4 Nc6 3. Nf3 Bf5 4. e3 Nf6 5. a3 e6 6. Nbd2 Bd6 7. Bxd6 Qxd6 8.
c4 O-O 9. c5 Qd7 10. Be2 Rad8 11. O-O Rfe8 12. b4 e5 13. Nxe5 Nxe5 14. dxe5
Rxe5 15. Nf3 Ree8 16. Bd3 a6 17. Nd4 Re5 18. Bxf5 Rxf5 19. Nxf5 Qxf5 20. Qe2 h6
21. h3 d4 22. exd4 Rxd4 23. Rad1 Re4 24. Qd3 Qg5 25. Qd8+ Kh7 26. Qxc7 Rh4 27.
Rd3 Nh5 28. Rf3 Nf4 29. Rxf4 Rxf4 30. Qxb7 Rh4 31. Qf3 Qd2 32. Rd1 Qa2 33. Qf5+
g6 34. Qf6 Re4 35. Rd8 Re1+ 36. Kh2 Rh1+ 37. Kxh1 Qa1+ 38. Qxa1 h5 39. Rh8# 1-0

[Event "Junior Online 4NCL Division 3"]
[Site "online"]
[Date "2020.04.30"]
[Round "3.72"]
[White "Patel, Krrish"]
[Black "Sanchez, Margarita"]
[Result "1-0"]
[WhiteElo "1517"]
[BlackElo "1450"]
[PlyCount "97"]
[EventDate "2020.04.30"]
[WhiteTeam "Harrow Juniors B"]
[BlackTeam "Warwickshire Bears B"]

1. d4 Nf6 2. Bf4 g6 3. Nf3 Bg7 4. e3 d6 5. c3 O-O 6. Nbd2 Nbd7 7. Be2 Re8 8.
O-O e5 9. dxe5 dxe5 10. Bg3 e4 11. Nd4 Ne5 12. N2b3 b6 13. Bxe5 Rxe5 14. Nc6
Qxd1 15. Raxd1 Re8 16. Bb5 Rf8 17. Ne7+ Kh8 18. Nxc8 Raxc8 19. Rd2 h5 20. Rfd1
Kh7 21. h3 Kh6 22. Nd4 h4 23. Ne2 g5 24. Nd4 Ne8 25. Nf5+ Kg6 26. Ne7+ Kh6 27.
Nxc8 Nf6 28. Ne7 Kh5 29. Nf5 Kg6 30. Nxg7 Kxg7 31. Rd8 a5 32. Rxf8 Kxf8 33. Ba4
Kg7 34. Bb3 Kg6 35. Rd8 c6 36. Rc8 c5 37. Rb8 Nd7 38. Rb7 Ne5 39. Rxb6+ Kg7 40.
Rb7 Kg6 41. Re7 Nc6 42. Rxf7 Ne5 43. Rc7 Kh5 44. Rxc5 Nd3 45. Rd5 Nxb2 46. Bc2
Nc4 47. Bxe4 Nb6 48. Rxa5 Nc4 49. Ra6 1-0

[Event "Junior Online 4NCL Division 3"]
[Site "online"]
[Date "2020.04.30"]
[Round "3.73"]
[White "Jayaprabu, Jaden"]
[Black "Parikh, Naavya"]
[Result "1/2-1/2"]
[WhiteElo "1480"]
[BlackElo "1375"]
[PlyCount "83"]
[EventDate "2020.04.30"]
[WhiteTeam "Warwickshire Bears B"]
[BlackTeam "Harrow Juniors B"]

1. e4 e5 2. Nf3 Nc6 3. Nc3 Nf6 4. Bc4 Nxe4 5. Nxe4 d5 6. Bxd5 Qxd5 7. Nc3 Qe6
8. O-O Bb4 9. Re1 O-O 10. Qe2 f6 11. a3 Bxc3 12. dxc3 Bd7 13. h3 Rad8 14. Be3
Qf7 15. Rad1 Bf5 16. Rxd8 Rxd8 17. Rd1 Rxd1+ 18. Qxd1 Qg6 19. Ne1 Bxh3 20. Qf3
Bf5 21. Bxa7 Bxc2 22. Nxc2 Qxc2 23. Bc5 h6 24. b4 Qc1+ 25. Kh2 Qxa3 26. Qd5+
Kh7 27. b5 Qxc3 28. bxc6 bxc6 29. Qxc6 Qa5 30. Be7 Qa7 31. Qd7 Qxf2 32. Bf8
Qf4+ 33. Kh1 Qh4+ 34. Kg1 Qg5 35. Qxc7 Qe3+ 36. Kh2 Qf4+ 37. Kh1 Qh4+ 38. Kg1
Qe1+ 39. Kh2 Qh4+ 40. Kg1 Qe1+ 41. Kh2 Qh4+ 42. Kg1 1/2-1/2

[Event "Junior Online 4NCL Division 3"]
[Site "online"]
[Date "2020.04.30"]
[Round "3.74"]
[White "Benhamou, Nathan"]
[Black "Xia, Weiquan"]
[Result "1/2-1/2"]
[WhiteElo "1382"]
[BlackElo "1480"]
[PlyCount "129"]
[EventDate "2020.04.30"]
[WhiteTeam "Harrow Juniors B"]
[BlackTeam "Warwickshire Bears B"]

1. Nf3 d5 2. g3 Nc6 3. Bg2 e5 4. d3 Bd6 5. O-O h6 6. Nc3 d4 7. Nb5 Be7 8. c3 a6
9. Na3 Nf6 10. Qa4 Bd7 11. Nxe5 Nxe5 12. Qxd4 Nc6 13. Qf4 Bd6 14. Qe3+ Be6 15.
Nc4 O-O 16. Nxd6 Qxd6 17. Qf4 Qxf4 18. Bxf4 Rac8 19. Bxc6 bxc6 20. c4 Nh5 21.
Bd2 Bg4 22. Kg2 Rb8 23. f3 Be6 24. g4 Nf6 25. b3 h5 26. h3 hxg4 27. hxg4 Rfe8
28. Rh1 Bd7 29. Kf2 a5 30. Bxa5 Ra8 31. Bd2 Be6 32. Rh2 Kf8 33. Bg5 Nd7 34.
Rah1 f6 35. Rh8+ Kf7 36. Rxe8 Rxe8 37. Bf4 Ra8 38. a4 Nc5 39. Rb1 Na6 40. b4
Rc8 41. b5 cxb5 42. axb5 Nb8 43. Ra1 Nd7 44. Ra7 Ne5 45. b6 g5 46. Bxe5 fxe5
47. Rxc7+ Rxc7 48. bxc7 Bc8 49. Ke3 Ke6 50. Ke4 Kd6 51. d4 exd4 52. Kxd4 Kxc7
53. Ke5 Ba6 54. Kf6 Bxc4 55. Kxg5 Bxe2 56. Kf6 Bxf3 57. g5 Kd8 58. g6 Bd5 59.
g7 Ke8 60. Kg6 Bg8 61. Kf6 Ba2 62. Kg6 Bg8 63. Kf6 Ba2 64. Kg6 Bg8 65. Kf6
1/2-1/2

[Event "Junior Online 4NCL Division 3"]
[Site "online"]
[Date "2020.04.30"]
[Round "3.75"]
[White "Sankar, Dheekshitha"]
[Black "Kukreja, Karan"]
[Result "0-1"]
[WhiteElo "1510"]
[BlackElo "1540"]
[PlyCount "96"]
[EventDate "2020.04.30"]
[WhiteTeam "Harrow Juniors B"]
[BlackTeam "Warwickshire Bears B"]

1. e4 c6 2. d4 d5 3. Nc3 dxe4 4. Nxe4 Bf5 5. Bd3 Qxd4 6. Qf3 Bxe4 7. Bxe4 Nf6
8. Be3 Qxe4 9. O-O-O e6 10. Rd4 Qxf3 11. Nxf3 Bc5 12. Rd3 Bxe3+ 13. fxe3 O-O
14. Rhd1 Nd5 15. e4 Nf4 16. Rd8 Na6 17. R8d7 Nc5 18. Rc7 Nxg2 19. Ne5 Rad8 20.
Rf1 f6 21. Rg1 fxe5 22. b3 Rd7 23. Rxd7 Nxd7 24. Rxg2 Rf1+ 25. Kb2 Re1 26. Rd2
Nc5 27. Rd8+ Kf7 28. Rd2 Rxe4 29. Rf2+ Ke7 30. Rg2 g6 31. h3 Rh4 32. Rh2 Ne4
33. Kc1 Ng5 34. Kd2 Nf3+ 35. Ke2 Nxh2 36. Kf2 Rxh3 37. Kg2 Rc3 38. Kxh2 Rxc2+
39. Kg3 Rxa2 40. Kg4 Rb2 41. Kg5 Rxb3 42. Kh6 Rf3 43. Kxh7 g5 44. Kh6 g4 45.
Kh5 g3 46. Kh6 g2 47. Kh7 g1=Q 48. Kh8 Rh3# 0-1

[Event "Junior Online 4NCL Division 3"]
[Site "online"]
[Date "2020.04.30"]
[Round "3.76"]
[White "Sanchez, Margarita"]
[Black "Patel, Krrish"]
[Result "0-1"]
[WhiteElo "1450"]
[BlackElo "1517"]
[PlyCount "102"]
[EventDate "2020.04.30"]
[WhiteTeam "Warwickshire Bears B"]
[BlackTeam "Harrow Juniors B"]

1. c4 e5 2. Nc3 Nc6 3. g3 Nf6 4. Bg2 d6 5. e4 g6 6. d3 Bg7 7. Nge2 Be6 8. O-O
Bg4 9. h3 Be6 10. Kh2 Qd7 11. f4 exf4 12. gxf4 Qc8 13. Ng3 O-O 14. f5 Bd7 15.
fxg6 fxg6 16. Be3 Ne5 17. Kh1 Bxh3 18. Qe2 Bxg2+ 19. Qxg2 Neg4 20. Bd4 c5 21.
Bxf6 Nxf6 22. Nd5 Nxd5 23. Rxf8+ Qxf8 24. exd5 Qe7 25. Rf1 Rf8 26. Rxf8+ Bxf8
27. Ne4 Bg7 28. b3 Bd4 29. Qg3 Be5 30. Qg4 Qf7 31. Kg2 h5 32. Qg5 Kg7 33. Qh4
b6 34. Ng5 Qf6 35. Ne6+ Kh6 36. Qxf6 Bxf6 37. Kg3 Be5+ 38. Kh4 Bf6+ 39. Kg3 g5
40. Kh3 g4+ 41. Kg3 Be5+ 42. Kg2 Kg6 43. Kf2 h4 44. Kg2 h3+ 45. Kh1 g3 46. Kg1
Bd4+ 47. Kf1 g2+ 48. Ke2 g1=Q 49. Nf4+ Kf5 50. Nxh3 Qe3+ 51. Kf1 Qxh3+ 0-1

[Event "Junior Online 4NCL Division 3"]
[Site "online"]
[Date "2020.04.30"]
[Round "3.77"]
[White "Parikh, Naavya"]
[Black "Jayaprabu, Jaden"]
[Result "1-0"]
[WhiteElo "1375"]
[BlackElo "1480"]
[PlyCount "43"]
[EventDate "2020.04.30"]
[WhiteTeam "Harrow Juniors B"]
[BlackTeam "Warwickshire Bears B"]

1. e4 e5 2. Nf3 Nc6 3. Bc4 Nf6 4. Ng5 d5 5. exd5 Nxd5 6. Nxf7 Kxf7 7. Qf3+ Ke8
8. Bxd5 Qe7 9. Bxc6+ bxc6 10. Qxc6+ Qd7 11. Qxa8 Bc5 12. Qe4 Rf8 13. Qxe5+ Qe7
14. Qxe7+ Kxe7 15. O-O Rf6 16. Nc3 Rg6 17. Re1+ Kf8 18. d3 Bh3 19. g3 Rf6 20.
Be3 Bxe3 21. Rxe3 Bd7 22. a4 1-0

[Event "Junior Online 4NCL Division 3"]
[Site "online"]
[Date "2020.04.30"]
[Round "3.78"]
[White "Xia, Weiquan"]
[Black "Benhamou, Nathan"]
[Result "0-1"]
[WhiteElo "1480"]
[BlackElo "1382"]
[PlyCount "128"]
[EventDate "2020.04.30"]
[WhiteTeam "Warwickshire Bears B"]
[BlackTeam "Harrow Juniors B"]

1. d4 d5 2. Bf4 Nf6 3. Nc3 Bf5 4. e3 e6 5. a3 Bd6 6. Bg3 a6 7. Bd3 Bg6 8. Nge2
Nbd7 9. Nf4 Ne4 10. Nxg6 Nxc3 11. bxc3 hxg6 12. Bxd6 cxd6 13. h4 Rxh4 14. O-O
Qg5 15. Qf3 Qh6 16. g3 Rh5 17. Rfd1 O-O-O 18. Kf1 Rh1+ 19. Ke2 Rxd1 20. Rxd1
Rh8 21. Qxf7 Qh5+ 22. Qf3 Nf6 23. Qxh5 gxh5 24. Rh1 e5 25. Bf5+ Kd8 26. dxe5
dxe5 27. f3 Kc7 28. g4 Kd6 29. Bg6 h4 30. g5 Nd7 31. Bd3 Nc5 32. Bf5 e4 33.
fxe4 Nxe4 34. Bxe4 dxe4 35. Kd2 Kc5 36. Rh3 b5 37. g6 Kd5 38. Rh2 a5 39. Rh3
Kc4 40. Rh2 Kd5 41. Rh1 Ke6 42. Rh2 Kf6 43. c4 bxc4 44. Kc3 Kxg6 45. Kxc4 Kg5
46. Kb5 g6 47. Kxa5 Rc8 48. Rg2+ Kh5 49. Rh2 Ra8+ 50. Kb4 g5 51. c4 Rb8+ 52.
Kc3 g4 53. c5 g3 54. Rh1 Kg4 55. Kd4 Rc8 56. Kd5 g2 57. Rg1 h3 58. c6 Kg3 59.
Kd6 h2 60. Rc1 g1=Q 61. Rxg1+ hxg1=Q 62. Kd7 Rxc6 63. Kxc6 Qxe3 64. Kd6 Qxa3+
0-1

[Event "Junior Online 4NCL Division 3"]
[Site "online"]
[Date "2020.04.30"]
[Round "3.81"]
[White "Doyle, Joshua"]
[Black "Mikalajunas, Kajus"]
[Result "0-1"]
[WhiteElo "1600"]
[BlackElo "1675"]
[PlyCount "124"]
[EventDate "2020.04.30"]
[WhiteTeam "Wey 1"]
[BlackTeam "Leicestershire Juniors 1"]

1. e4 e5 2. Nf3 Nf6 3. Bc4 Bc5 4. d3 O-O 5. Be3 Bxe3 6. fxe3 d6 7. Qe2 Bg4 8.
O-O Nc6 9. Nbd2 Re8 10. h3 Bh5 11. Qf2 Rb8 12. d4 exd4 13. exd4 Bxf3 14. Nxf3
b5 15. Bd3 Nb4 16. Ng5 Nxd3 17. cxd3 h6 18. Nf3 d5 19. e5 Nh5 20. Nh2 Rf8 21.
g4 Qg5 22. Qf5 Qxf5 23. Rxf5 g6 24. Rf3 Ng7 25. Kh1 Ne6 26. Rg3 Nxd4 27. g5 h5
28. Re1 Rbe8 29. Nf3 Nxf3 30. Rxf3 Re6 31. Rf6 Rfe8 32. Ref1 Rxe5 33. Rxf7 Re1
34. Kg2 Rxf1 35. Rxf1 Re2+ 36. Rf2 Rxf2+ 37. Kxf2 Kf7 38. Ke3 Ke6 39. Kf4 c5
40. a3 a5 41. h4 b4 42. axb4 cxb4 43. d4 a4 44. Ke3 a3 45. Kd2 a2 46. Kc2 a1=Q
47. Kb3 Qd1+ 48. Kxb4 Qxd4+ 49. Ka3 Qxh4 50. b4 d4 51. b5 Kd6 52. Ka4 Kc7 53.
Ka5 Kb7 54. b6 Qe1+ 55. Kb5 Qe5+ 56. Kc4 Kxb6 57. Kd3 Kc5 58. Kd2 Qe3+ 59. Kd1
Qf2 60. Kc1 Kc4 61. Kb1 Kc3 62. Ka1 Qb2# 0-1

[Event "Junior Online 4NCL Division 3"]
[Site "online"]
[Date "2020.04.30"]
[Round "3.82"]
[White "Tang, Joshua"]
[Black "Baber, Sanjit"]
[Result "1-0"]
[WhiteElo "1495"]
[BlackElo "1540"]
[PlyCount "59"]
[EventDate "2020.04.30"]
[WhiteTeam "Leicestershire Juniors 1"]
[BlackTeam "Wey 1"]

1. e4 c5 2. Nf3 d6 3. Bc4 h6 4. d3 Nf6 5. Nc3 Nc6 6. Be3 e5 7. O-O Be7 8. Nd5
Nxd5 9. exd5 Nd4 10. c3 Nxf3+ 11. Qxf3 O-O 12. d4 cxd4 13. cxd4 exd4 14. Bxd4
a6 15. a4 Bd7 16. Qg3 Bf6 17. Be3 Bxb2 18. Rab1 Be5 19. f4 Bf6 20. f5 Bxa4 21.
Rxb7 Bh4 22. Qg4 Bf6 23. Bxh6 Qc8 24. Rb6 Qc5+ 25. Kh1 Qxb6 26. h3 Kh7 27. Bg5
Bxg5 28. Qxg5 Kg8 29. f6 g6 30. Qh6 1-0

[Event "Junior Online 4NCL Division 3"]
[Site "online"]
[Date "2020.04.30"]
[Round "3.83"]
[White "Mokhber-Garcia, Sebastian"]
[Black "Moughtin-Leay, John"]
[Result "1-0"]
[WhiteElo "1465"]
[BlackElo "1487"]
[PlyCount "101"]
[EventDate "2020.04.30"]
[WhiteTeam "Wey 1"]
[BlackTeam "Leicestershire Juniors 1"]

1. e4 e5 2. Nf3 Nc6 3. Nc3 Bc5 4. Nxe5 Nxe5 5. d4 Bd6 6. dxe5 Bxe5 7. Bd2 Nf6
8. f4 Bxc3 9. Bxc3 O-O 10. e5 Ne4 11. Qd4 Nxc3 12. Qxc3 d5 13. O-O-O c6 14. Bc4
Be6 15. Bd3 f5 16. exf6 Qxf6 17. Qxf6 Rxf6 18. g3 d4 19. Rhf1 b5 20. f5 Bc4 21.
Bxc4+ bxc4 22. Rxd4 Rb8 23. Rxc4 Rb5 24. g4 c5 25. Rcf4 a5 26. g5 Rfb6 27. b3
Rb4 28. Rxb4 axb4 29. f6 gxf6 30. Rxf6 Rxf6 31. gxf6 Kf7 32. Kd2 Kxf6 33. Kd3
Ke6 34. Kc4 Kd6 35. c3 bxc3 36. Kxc3 Kc6 37. Kc4 h6 38. a4 Kb6 39. b4 cxb4 40.
Kxb4 h5 41. a5+ Ka6 42. h4 Ka7 43. Kb5 Ka8 44. Kc6 Ka7 45. Kd5 Ka6 46. Ke5 Kxa5
47. Kf5 Kb6 48. Kg5 Kc7 49. Kxh5 Kd7 50. Kg6 Ke8 51. Kg7 1-0

[Event "Junior Online 4NCL Division 3"]
[Site "online"]
[Date "2020.04.30"]
[Round "3.84"]
[White "Powell, Henry"]
[Black "Guo James, Jintian"]
[Result "1-0"]
[WhiteElo "1382"]
[BlackElo "1457"]
[PlyCount "65"]
[EventDate "2020.04.30"]
[WhiteTeam "Leicestershire Juniors 1"]
[BlackTeam "Wey 1"]

1. e4 e6 2. Nf3 d5 3. exd5 exd5 4. d4 Nf6 5. Bd3 Bd6 6. O-O O-O 7. Bg5 Bg4 8.
h3 Bh5 9. Nbd2 Nbd7 10. c4 c6 11. c5 Be7 12. Re1 h6 13. Bf4 Re8 14. g4 Bg6 15.
Bxg6 fxg6 16. Qc2 Kh7 17. Bg3 Rc8 18. a3 b6 19. b4 a5 20. Rad1 Rf8 21. cxb6
Nxb6 22. bxa5 Nbd7 23. Nh4 Qe8 24. Rxe7 Qxe7 25. Nxg6 Qd8 26. Nxf8+ Kg8 27. Ng6
Qxa5 28. Ne7+ Kf8 29. Bd6 Ke8 30. Nxc8 Qa6 31. Re1+ Kd8 32. Ne7 Ne8 33. Nxc6+
1-0

[Event "Junior Online 4NCL Division 3"]
[Site "online"]
[Date "2020.04.30"]
[Round "3.85"]
[White "Mikalajunas, Kajus"]
[Black "Doyle, Joshua"]
[Result "1-0"]
[WhiteElo "1675"]
[BlackElo "1600"]
[PlyCount "25"]
[EventDate "2020.04.30"]
[WhiteTeam "Leicestershire Juniors 1"]
[BlackTeam "Wey 1"]

1. d4 e5 2. dxe5 Nc6 3. Nc3 Nxe5 4. Nf3 f6 5. Nxe5 fxe5 6. e4 Nf6 7. Bc4 Bc5 8.
O-O d6 9. Bg5 Qe7 10. Nd5 Qd8 11. Nxf6+ gxf6 12. Qh5+ Ke7 13. Qf7# 1-0

[Event "Junior Online 4NCL Division 3"]
[Site "online"]
[Date "2020.04.30"]
[Round "3.86"]
[White "Baber, Sanjit"]
[Black "Tang, Joshua"]
[Result "0-1"]
[WhiteElo "1540"]
[BlackElo "1495"]
[PlyCount "148"]
[EventDate "2020.04.30"]
[WhiteTeam "Wey 1"]
[BlackTeam "Leicestershire Juniors 1"]

1. d4 d5 2. e3 Nf6 3. c4 e6 4. cxd5 exd5 5. Nc3 Bb4 6. Bd2 Be6 7. a3 Ba5 8. b4
Bb6 9. Nf3 O-O 10. Bd3 Bg4 11. h3 Bh5 12. O-O Re8 13. Be2 Nc6 14. Bc1 Ne4 15.
Nxe4 dxe4 16. Nd2 Bg6 17. Bb2 a5 18. b5 Na7 19. a4 c6 20. bxc6 Nxc6 21. Nc4 Nb4
22. Bc3 Nd3 23. Bxd3 exd3 24. Rb1 Ra6 25. Nxb6 Rxb6 26. Bxa5 Rxb1 27. Bxd8 Rxd1
28. Rxd1 Rxd8 29. Rb1 d2 30. Rd1 Rc8 31. Rxd2 Ra8 32. Rb2 Be4 33. f3 Bc6 34.
Rb4 Rxa4 35. Rxa4 Bxa4 36. Kf2 b5 37. Ke2 b4 38. Kd2 Kf8 39. Kc1 b3 40. Kb2 Ke7
41. e4 Kd6 42. f4 f6 43. g4 g6 44. h4 h6 45. Ka3 Ke6 46. d5+ Kd6 47. Kb2 Kc5
48. g5 fxg5 49. fxg5 hxg5 50. hxg5 Kd4 51. d6 Kxe4 52. d7 Bxd7 53. Kxb3 Kf5 54.
Kc3 Kxg5 55. Kd3 Kg4 56. Ke3 Kg3 57. Ke2 Kg2 58. Ke1 Kg1 59. Ke2 g5 60. Ke1 g4
61. Ke2 g3 62. Ke1 Bb5 63. Kd2 Kf1 64. Kc3 g2 65. Kb4 g1=Q 66. Kxb5 Qg6 67. Kc4
Qd6 68. Kb5 Qc7 69. Ka6 Qb8 70. Ka5 Ke2 71. Ka6 Kd3 72. Ka5 Kc4 73. Ka6 Kc5 74.
Ka5 Qb5# 0-1

[Event "Junior Online 4NCL Division 3"]
[Site "online"]
[Date "2020.04.30"]
[Round "3.87"]
[White "Moughtin-Leay, John"]
[Black "Mokhber-Garcia, Sebastian"]
[Result "0-1"]
[WhiteElo "1487"]
[BlackElo "1465"]
[PlyCount "152"]
[EventDate "2020.04.30"]
[WhiteTeam "Leicestershire Juniors 1"]
[BlackTeam "Wey 1"]

1. c4 c5 2. Nc3 Nc6 3. Nf3 Nf6 4. e4 e5 5. d3 d6 6. Be2 Be7 7. Be3 Nd4 8. O-O
O-O 9. Nd5 Nxe2+ 10. Qxe2 Be6 11. Nxe7+ Qxe7 12. a3 Rab8 13. b4 cxb4 14. axb4
a6 15. Rfc1 Rfc8 16. Rab1 b5 17. c5 dxc5 18. Bxc5 Qe8 19. Nxe5 Nd7 20. Bd6
Rxc1+ 21. Rxc1 Rc8 22. Nc6 Kh8 23. d4 Nb8 24. d5 Nxc6 25. dxe6 fxe6 26. Bc5
Nxb4 27. Qd2 Nc6 28. g3 Qd8 29. Qxd8+ Nxd8 30. Be3 Rxc1+ 31. Bxc1 Kg8 32. Kg2
Kf7 33. f4 g6 34. e5 h6 35. Bd2 Nc6 36. Kf1 Nd4 37. Be3 Nc2 38. Bd2 b4 39. Ke2
b3 40. Kd1 Ke7 41. Kc1 Nd4 42. Kb2 Nf3 43. Bb4+ Kd7 44. h3 Nd4 45. Bc5 Ne2 46.
Bf2 Kc6 47. Kxb3 Nc1+ 48. Kc4 a5 49. Be1 a4 50. Bd2 Ne2 51. Kb4 Nxg3 52. Kxa4
Kd5 53. Kb3 Ke4 54. Kc2 Kf3 55. Kd3 Nh5 56. h4 Nxf4+ 57. Kd4 Ng2 58. Bxh6 Nxh4
59. Kc5 Nf5 60. Bg5 Ke4 61. Bf6 Kf4 62. Kc6 g5 63. Kd7 Nd4 64. Bg7 g4 65. Bf6
g3 66. Bg7 g2 67. Bh6+ Kf3 68. Bd2 g1=Q 69. Bc3 Ke4 70. Bxd4 Qxd4+ 71. Kxe6
Qxe5+ 72. Kf7 Qd6 73. Kg8 Qe7 74. Kh8 Kf5 75. Kg8 Kg6 76. Kh8 Qh7# 0-1

[Event "Junior Online 4NCL Division 3"]
[Site "online"]
[Date "2020.04.30"]
[Round "3.88"]
[White "Guo James, Jintian"]
[Black "Powell, Henry"]
[Result "0-1"]
[WhiteElo "1457"]
[BlackElo "1382"]
[PlyCount "56"]
[EventDate "2020.04.30"]
[WhiteTeam "Wey 1"]
[BlackTeam "Leicestershire Juniors 1"]

1. e4 Nc6 2. d4 d5 3. Nc3 dxe4 4. Nxe4 Qxd4 5. Qxd4 Nxd4 6. Bd3 e5 7. Be3 Nc6
8. O-O-O f5 9. Nd2 f4 10. Bxf4 exf4 11. Re1+ Be7 12. Ngf3 Nf6 13. Nc4 Kf8 14.
Nfe5 Nxe5 15. Nxe5 Bc5 16. Re2 g6 17. Bxg6 hxg6 18. Nxg6+ Kg7 19. Nxh8 Kxh8 20.
Rd1 Bd6 21. f3 Bd7 22. Rde1 Kg7 23. Kd2 Rh8 24. h3 Bb5 25. Re6 Kf7 26. b3 Rg8
27. c4 Bd7 28. R6e2 Bb4+ 0-1

[Event "Junior Online 4NCL Division 3"]
[Site "online"]
[Date "2020.05.07"]
[Round "4.11"]
[White "Ghosh, Kabir A"]
[Black "Doyle, Joshua"]
[Result "1-0"]
[WhiteElo "1622"]
[BlackElo "1600"]
[PlyCount "125"]
[EventDate "2020.05.07"]
[WhiteTeam "Dulwich College Junior A"]
[BlackTeam "Wey 1"]

1. c4 g6 2. Nc3 Bg7 3. Nf3 Nf6 4. d4 c5 5. d5 O-O 6. e4 d6 7. Be2 e6 8. O-O Re8
9. Qc2 Qe7 10. Bg5 Na6 11. a3 h6 12. Bxf6 Bxf6 13. Bd3 Nc7 14. Rfe1 e5 15. h3
Bd7 16. b4 b6 17. Rab1 Reb8 18. b5 a5 19. a4 Bg7 20. Qd2 Rf8 21. Re2 f5 22.
exf5 Bxf5 23. Bxf5 Rxf5 24. Re4 Raf8 25. Rbe1 Rf4 26. Rxf4 Rxf4 27. Qxf4 exf4
28. Rxe7 Bxc3 29. Rxc7 Bb4 30. Rc6 Kf7 31. Rxd6 Ke7 32. Rxg6 Kf7 33. Rxh6 Kg7
34. Rxb6 Kf7 35. Kf1 Ke7 36. Ke2 Kf7 37. Kd3 Ke7 38. Ke4 Kf7 39. Kxf4 Ke7 40.
g4 Kf7 41. Ne5+ Kg7 42. Rg6+ Kh7 43. Kg5 Bd2+ 44. f4 Kh8 45. Kf5 Kh7 46. Nf7
Bxf4 47. Kxf4 Kxg6 48. h4 Kxf7 49. Kf5 Ke7 50. h5 Kf7 51. g5 Kg7 52. d6 Kf7 53.
g6+ Ke8 54. Ke6 Kd8 55. d7 Kc7 56. Ke7 Kb7 57. d8=Q Ka7 58. Qc7+ Ka8 59. Qxa5+
Kb7 60. Qa6+ Kc7 61. g7 Kb8 62. g8=Q+ Kc7 63. Qgc8# 1-0

[Event "Junior Online 4NCL Division 3"]
[Site "online"]
[Date "2020.05.07"]
[Round "4.12"]
[White "Baber, Sanjit"]
[Black "Nguyen, Ryan"]
[Result "1-0"]
[WhiteElo "1540"]
[BlackElo "1517"]
[PlyCount "137"]
[EventDate "2020.05.07"]
[WhiteTeam "Wey 1"]
[BlackTeam "Dulwich College Junior A"]

1. d4 Nf6 2. e3 e6 3. c4 b6 4. Nc3 Bb4 5. Bd2 Bb7 6. a3 Bxc3 7. Bxc3 O-O 8. Nf3
Ne4 9. Bd2 Nxd2 10. Nxd2 d6 11. Nf3 Nd7 12. Bd3 c5 13. O-O Rc8 14. b3 f5 15.
dxc5 Nxc5 16. Bc2 Qe7 17. Re1 Ne4 18. Bxe4 Bxe4 19. Nd2 Bb7 20. f4 Rf6 21. Nf3
Rh6 22. Ng5 Rg6 23. Nf3 h6 24. a4 Rd8 25. a5 e5 26. g3 Re6 27. Nh4 Qf6 28. axb6
axb6 29. Ra7 Bc6 30. Ra6 Rb8 31. Ra2 g5 32. Nf3 gxf4 33. exf4 exf4 34. Rxe6
Qxe6 35. Qe2 Qe3+ 36. Kg2 Bxf3+ 37. Qxf3 Qxf3+ 38. Kxf3 fxg3 39. Kxg3 Rf8 40.
Ra6 Rb8 41. Kf4 Kg7 42. Kxf5 Rf8+ 43. Ke6 Rf6+ 44. Kd5 Kg6 45. Rxb6 Rf2 46.
Rxd6+ Kh5 47. Ke5 Rb2 48. Rb6 Rxh2 49. c5 Re2+ 50. Kd6 Rd2+ 51. Ke6 Re2+ 52.
Kf7 Rf2+ 53. Kg7 Rg2+ 54. Kh7 Rc2 55. Rxh6+ Kg5 56. Rc6 Kf5 57. Kg7 Ke5 58. Kf7
Kd5 59. Rc8 Rxc5 60. Rd8+ Ke4 61. Re8+ Kd3 62. Rb8 Rc1 63. b4 Rb1 64. b5 Kc4
65. b6 Kc5 66. Rc8+ Kb5 67. b7 Ka6 68. b8=Q Rxb8 69. Rxb8 1-0